000 00685nam a2200145Ia 4500
008 150609s9999 xx 000 0 und d
050 _aQK 861
_b.C814 2015
100 _aCornelio, Janeenas S.
245 _aUtilization of beta vilgaris subsp. Cicla (swiss chard) extract as an alternative for carbol fuchsin in acid fast bacili staining /
_cJaneena S. Cornelio, Mariana Alexa M. De Raya, Josemaria E. Gonzales, Aldrin Joshua N. Pasig, Miona Jandra C. Pavino .
260 _aLas PiƱas, Philippines :
_bSISC,
_c2015.
300 _a93 pages :
_bcolor illustrations ;
_c28 cm.
500 _aIncludes bibliographical references and appendices.
650 _aPlant
650 _aVegetable
999 _c285026
_d285026